Top 10 Most Popular Candies In The World - Statistics

General Stats
  • This quiz has been taken 80 times
  • The average score is 5 of 10
Answer Stats
Rank Answer % Correct
5. Skittles
81%
2. Snickers
75%
1. M&Ms
60%
8. Twix
60%
3. Reese's peanut butter cups
58%
4. Kit Kat
51%
9. Haribo gummy bears
30%
10. Jolly Rancher
23%
6. Starburst
21%
7. Kisses
9%
No matching quizzes found
Score Distribution
Percent of People with Each Score
Percentile by Number Answered
Your Score History
You have not taken this quiz